00944cam a22002771 4500001001300000003000400013005001700017008004100034010001700075035001900092040004700111041001300158042001200171050002300183100002200206245007900228260004800307300006400355490005700419500002400476504003200500650002300532650003500555810005900590999001700649gs 49000300 DLC20260227111355.0800922s1948 no ab b 000 0 nor c ags 49000300  a(OCoLC)6740291 aU.S. Geol. Survey LibrarycNICdOCoLCdDLC0 anorbeng apremarc00aQE281b.A2 no. 1711 aBugge, Jens A. W.10aRana gruber.bGeologisk beskrivelse av jernmalmfeltene i Dunderlandsdalen. aOslo,bI kommisjon hos H. Aschehoug,c1948. aviii, 149 p.billus., 3 fold. col. maps (in pocket)c24 cm.1 aNorges Geologiske undersøkelse. [Skrifter]vnr. 171 aSummary in English. a"Litteratur": p. [129]-130. 0aIron oreszNorway. 0aIron mines and miningzNorway. 0aNorges geologiske undersøkelse.bSkrifter ;vnr. 171. c28414d28414